书目信息

书名: 大明监国皇帝 奉天靖难
作者: 尹文勋
出版信息: 沈阳   辽宁人民出版社  2022.8
开本页数: 24cm  316页
丛书名:
单 册:
中图分类: I2403
科图分类:
主题词: 长篇历史小说--chang pian li shi xiao shuo--中国--当代
电子资源:
ISBN: 978-7-205-10434-4
000 01313nam 2200241 450
001 012022000125
005 20220830083811.1
010    @a978-7-205-10434-4@dCNY49.80
100    @a20220830d2022 em y0chiy50 ea
101 @achi
102    @aCN@b210000
105    @ay z 000ay
106    @ar
200 @a大明监国皇帝@Ada ming jian guo huang di@i奉天靖难@f尹文勋著
210    @a沈阳@c辽宁人民出版社@d2022.8
215    @a316页@d24cm
314    @a尹文勋, 男, 辽宁省朝阳市人, 辽宁省作家协会会员。
330    @a本书是一部长篇历史小说, 是“大明监国皇帝”四部曲之一, 主人公是大明朝第四任皇帝仁宗朱高炽, 明成祖朱棣的长子。该系列叙述了朱高炽从助父在靖难之役夺权成功到驾崩的近三十年 (建文元年-宣德元年) 的故事。全书用辩证的历史观, 以朱高炽自藩邸到登基理政为主线, 穿插了兄弟谋嫡, 阋墙相斗; 南征北讨, 不绝饷道; 九州黎民, 饥寒饱暖; 情感纠葛, 人性美丑。书中还包了军事、政治、科技、医药以及朝野等风俗人情。本书为该系列的第一部。讲述了明朝初年靖难之役时期, 当父亲朱棣去前线打仗时, 长子朱高炽在后方临危受命, 筹饷, 守城, 抚牧百姓的事情。经过一番智慧大比拼, 朱高炽成功地坚守住了城池, 却落下了严重的足疾。
606 @a长篇历史小说@Achang pian li shi xiao shuo@y中国@z当代
690    @aI2403@v5
701  0 @a尹文勋@Ayin wen xun@4著
801  0 @aCN@bCDNYKJZYXY@c20220830
905    @aCDNYKJZYXY@b300675515-7@dI2403@e332@f3
    
    大明监国皇帝.奉天靖难/尹文勋著.-沈阳:辽宁人民出版社,2022.8
    316页;24cm
    
    
    ISBN 978-7-205-10434-4:CNY49.80
    本书是一部长篇历史小说, 是“大明监国皇帝”四部曲之一, 主人公是大明朝第四任皇帝仁宗朱高炽, 明成祖朱棣的长子。该系列叙述了朱高炽从助父在靖难之役夺权成功到驾崩的近三十年 (建文元年-宣德元年) 的故事。全书用辩证的历史观, 以朱高炽自藩邸到登基理政为主线, 穿插了兄弟谋嫡, 阋墙相斗; 南征北讨, 不绝饷道; 九州黎民, 饥寒饱暖; 情感纠葛, 人性美丑。书中还包了军事、政治、科技、医药以及朝野等风俗人情。本书为该系列的第一部。讲述了明朝初年靖难之役时期, 当父亲朱棣去前线打仗时, 长子朱高炽在后方临危受命, 筹饷, 守城, 抚牧百姓的事情。经过一番智慧大比拼, 朱高炽成功地坚守住了城池, 却落下了严重的足疾。
相关链接 在五车中查询图书 在当当中查询图书 在豆瓣中查询图书


正题名:大明监国皇帝     索取号:I2403/332         预约/预借

序号 登录号 条形码 馆藏地/架位号 状态 备注
1 675515   300675515   柳城-3楼/23架1列1层/ [索取号:I2403/332] 在馆    
2 675516   300675516   柳城-3楼/23架1列1层/ [索取号:I2403/332] 在馆    
3 675517   300675517   柳城-3楼/23架1列1层/ [索取号:I2403/332] 在馆